[Event "Steyr Landesliga 2122"]
[Site "Austria"]
[Date "2021.11.13"]
[Round "2.3"]
[White "Singer, Richard"]
[Black "Birk, Steffen"]
[Result "1-0"]
[WhiteElo "2188"]
[BlackElo "2201"]
[PlyCount "43"]
[EventDate "2021.10.16"]
[EventType "team-tourn"]
[EventRounds "11"]
[EventCountry "AUT"]
[SourceTitle "EXT 2023"]
[Source "ChessBase"]
[SourceDate "2022.10.05"]
[SourceVersion "1"]
[SourceVersionDate "2022.10.05"]
[SourceQuality "1"]
[WhiteTeam "Gamlitz"]
[BlackTeam "Graz Schachfreunde"]
[WhiteTeamCountry "AUT"]
[BlackTeamCountry "AUT"]

1. d4 d5 2. c4 e6 3. Nc3 c6 4. e4 dxe4 5. Nxe4 Bb4+ 6. Bd2 Qxd4 7. Bxb4 Qxe4+ 8. Be2 Na6 9. Bd6 Ne7 10. Nf3 e5 11. 0-0 Be6 12. Bd3 Qg4 13. Qb3 b6 14. Rfe1 f6 15. Qc3 Rd8 16. h3 Qf4 17. Re4 Qh6 18. Bxe7 Kxe7 19. Rh4 Nc5 20. Bc2 Qxh4 21. Nxh4 e4 22. g3 1-0

[Event "Steyr Landesliga 1920"]
[Site "Austria"]
[Date "2020.03.07"]
[Round "9.4"]
[White "Singer, Richard"]
[Black "Rohler, Siegfried"]
[Result "0-1"]
[WhiteElo "2199"]
[BlackElo "2153"]
[PlyCount "58"]
[EventDate "2019.09.28"]
[EventType "team-tourn"]
[EventRounds "11"]
[EventCountry "AUT"]
[SourceTitle "CBM 195 Extra"]
[Source "ChessBase"]
[SourceDate "2020.05.31"]
[SourceVersion "1"]
[SourceVersionDate "2020.05.31"]
[SourceQuality "1"]
[WhiteTeam "Gamlitz"]
[BlackTeam "Graz Styria"]
[WhiteTeamCountry "AUT"]
[BlackTeamCountry "AUT"]

1. d4 Nf6 2. c4 g6 3. Nc3 d5 4. Bg5 Ne4 5. h4 Bg7 6. e3 h6 7. Bf4 Nxc3 8. bxc3 0-0 9. Nf3 Bg4 10. Qb3 Bxf3 11. gxf3 c5 12. Bh3 cxd4 13. cxd4 Qa5+ 14. Kf1 Qa6 15. Rc1 Nc6 16. Qb5 Qxa2 17. cxd5 Qd2 18. Kg2 Nxd4 19. Qxb7 Ne2 20. Rc4 Qa2 21. Qc6 Nxf4+ 22. Rxf4 Rfd8 23. Rd1 Qb3 24. Rd2 a5 25. h5 gxh5 26. Bd7 Qc3 27. Rc2 Qd3 28. Re4 Ra6 29. Qc7 Rg6+ 0-1

[Event "St Veit op-A 38th"]
[Site "St Veit"]
[Date "2019.07.09"]
[Round "5"]
[White "Schuh, Ruediger"]
[Black "Singer, Richard"]
[Result "0-1"]
[WhiteElo "2054"]
[BlackElo "2200"]
[PlyCount "88"]
[EventDate "2019.07.06"]
[EventType "swiss"]
[EventRounds "9"]
[EventCountry "AUT"]
[SourceTitle "EXT 2020"]
[Source "ChessBase"]
[SourceDate "2019.10.17"]
[SourceVersion "1"]
[SourceVersionDate "2019.10.17"]
[SourceQuality "1"]

1. d4 Nf6 2. c4 e6 3. Nc3 Bb4 4. Qc2 d5 5. cxd5 Qxd5 6. a3 Bxc3+ 7. Qxc3 Nc6 8. Nf3 Ne4 9. Qd3 Bd7 10. g3 Qa5+ 11. Nd2 Nxd2 12. Bxd2 Qd5 13. e4 Qxd4 14. Bc3 Qxd3 15. Bxd3 0-0 16. 0-0-0 Rad8 17. f4 Nb8 18. Bc2 Bb5 19. Rxd8 Rxd8 20. Rd1 Rxd1+ 21. Kxd1 c5 22. Kd2 Nc6 23. Ke3 Bc4 24. b3 Bf1 25. Bb1 f6 26. b4 cxb4 27. axb4 Bc4 28. Bc2 Kf7 29. Bd1 Ke7 30. Bf3 e5 31. Bd1 Kd6 32. Ba4 b5 33. Bd1 a5 34. fxe5+ fxe5 35. bxa5 b4 36. Ba1 Nxa5 37. Bc2 Bb5 38. Bd3 Bxd3 39. Kxd3 Nb3 40. Bb2 Nc5+ 41. Kc4 Nxe4 42. Kxb4 Kd5 43. Bc1 Nf2 44. Kc3 Ng4 0-1

[Event "Steyr Landesliga 1819"]
[Site "Austria"]
[Date "2019.03.23"]
[Round "10.2"]
[White "Singer, Richard"]
[Black "Schieder, Andreas"]
[Result "1-0"]
[WhiteElo "2201"]
[BlackElo "2242"]
[PlyCount "69"]
[EventDate "2018.10.06"]
[EventType "team-tourn"]
[EventRounds "11"]
[EventCountry "AUT"]
[SourceTitle "CBM 189 Extra"]
[Source "ChessBase"]
[SourceDate "2019.05.31"]
[SourceVersion "1"]
[SourceVersionDate "2019.05.31"]
[SourceQuality "1"]
[WhiteTeam "Gamlitz"]
[BlackTeam "Pinggau Friedberg"]
[WhiteTeamCountry "AUT"]
[BlackTeamCountry "AUT"]

1. d4 d5 2. c4 e5 3. dxe5 d4 4. Nf3 Nc6 5. Nbd2 Bf5 6. a3 f6 7. exf6 Qxf6 8. g3 g5 9. Bg2 Qg6 10. 0-0 Bc2 11. Qe1 0-0-0 12. b4 Bg7 13. Bb2 Nh6 14. Qc1 Nf7 15. Re1 Rhe8 16. c5 Ba4 17. Nc4 g4 18. Nh4 Qe6 19. Qf4 Kb8 20. Nf5 Bf6 21. Nh6 Nxh6 22. Qxh6 Qxc4 23. Qxf6 Qc2 24. b5 Bxb5 25. Rab1 Rf8 26. Qh6 Qxc5 27. Rec1 Qf5 28. a4 Bxa4 29. Bxd4 Rxd4 30. Bxc6 Rd6 31. Rxb7+ Kc8 32. Rxc7+ Kxc7 33. Bxa4+ Kb7 34. Qxd6 Qxf2+ 35. Kh1 1-0

[Event "Steyr Landesliga 1819"]
[Site "Austria"]
[Date "2018.11.10"]
[Round "4.2"]
[White "Singer, Richard"]
[Black "Schloffer, Jasmin Denise"]
[Result "1/2-1/2"]
[WhiteElo "2201"]
[BlackElo "2116"]
[PlyCount "83"]
[EventDate "2018.10.06"]
[EventType "team-tourn"]
[EventRounds "11"]
[EventCountry "AUT"]
[SourceTitle "CBM 187 Extra"]
[Source "ChessBase"]
[SourceDate "2018.11.04"]
[SourceVersion "1"]
[SourceVersionDate "2018.11.04"]
[SourceQuality "1"]
[WhiteTeam "Gamlitz"]
[BlackTeam "Feldbach Kirchberg"]
[WhiteTeamCountry "AUT"]
[BlackTeamCountry "AUT"]

1. d4 Nf6 2. c4 e6 3. Nc3 Bb4 4. e3 b6 5. Nge2 Ba6 6. a3 Be7 7. Nf4 d5 8. Qf3 c6 9. b3 Qc7 10. Bb2 dxc4 11. bxc4 Nbd7 12. Be2 Rd8 13. Rd1 0-0 14. Ne4 Bb7 15. Nxf6+ Nxf6 16. 0-0 Bd6 17. c5 Bxf4 18. exf4 Nd5 19. g3 b5 20. Rfe1 Bc8 21. Bd3 a5 22. h4 Rfe8 23. h5 f5 24. Re5 Nf6 25. Rde1 Rf8 26. Kg2 Qf7 27. h6 g6 28. Bb1 Nd5 29. Ba2 Rfe8 30. Qe2 Kf8 31. Qd2 a4 32. Bxd5 Rxd5 33. Qa5 Qd7 34. R1e3 Kf7 35. Qe1 Kf8 36. Bc3 Re7 37. f3 Re8 38. Rxd5 exd5 39. Re5 Re7 40. Ba5 Kf7 41. Kf2 Qe8 42. Bd2 1/2-1/2

[Event "Schilcherland op 1st"]
[Site "Deutschlandsberg"]
[Date "2017.12.31"]
[Round "3"]
[White "Wegerer, Fred"]
[Black "Singer, Richard"]
[Result "1-0"]
[WhiteElo "2100"]
[BlackElo "2245"]
[PlyCount "51"]
[EventDate "2017.12.29"]
[EventType "swiss"]
[EventRounds "9"]
[EventCountry "AUT"]
[SourceTitle "CBM 182 Extra"]
[Source "ChessBase"]
[SourceDate "2018.02.23"]
[SourceVersion "1"]
[SourceVersionDate "2018.02.23"]
[SourceQuality "1"]

1. Nf3 Nf6 2. g3 b5 3. Na3 a6 4. c4 b4 5. Nc2 e6 6. Bg2 d5 7. Nxb4 Bd6 8. cxd5 exd5 9. Qb3 c6 10. d4 0-0 11. Nd3 a5 12. 0-0 a4 13. Qc2 Qb6 14. Bf4 Bxf4 15. Nxf4 Ba6 16. Rfd1 Nbd7 17. e3 Rfe8 18. Rdc1 Bb5 19. Nd3 Bxd3 20. Qxd3 Ne4 21. Nd2 f5 22. Nxe4 fxe4 23. Qa3 Nf6 24. Rc2 Rab8 25. Qxa4 Rec8 26. Qa3 1-0

[Event "AUT-ch"]
[Site "Graz"]
[Date "2017.08.16"]
[Round "5"]
[White "Singer, Richard"]
[Black "Mesaros, Florian"]
[Result "0-1"]
[WhiteElo "2205"]
[BlackElo "2421"]
[PlyCount "74"]
[EventDate "2017.08.12"]
[EventType "swiss"]
[EventRounds "9"]
[EventCountry "AUT"]
[SourceTitle "CBM 180 Extra"]
[Source "ChessBase"]
[SourceDate "2017.10.06"]
[SourceVersion "1"]
[SourceVersionDate "2017.10.06"]
[SourceQuality "1"]

1. d4 d5 2. c4 e6 3. Nf3 Nf6 4. Nc3 Bb4 5. Bg5 dxc4 6. e4 c5 7. Bxc4 cxd4 8. Nxd4 Qa5 9. Bxf6 Bxc3+ 10. bxc3 Qxc3+ 11. Kf1 gxf6 12. Rc1 Qa5 13. h4 Ke7 14. Rh3 Rd8 15. Nf5+ exf5 16. Qh5 Rf8 17. Re3 Nc6 18. exf5+ Kd8 19. Qh6 Qc5 20. Rd3+ Kc7 21. Rd5 Qe7 22. Bb5 Qe4 23. Bxc6 bxc6 24. Qd2 Qa4 25. Kg1 Re8 26. Ra5 Qe4 27. Rac5 Bb7 28. Qa5+ Kb8 29. Qc3 a6 30. Qxf6 Ka7 31. R5c4 Qe5 32. Qh6 Qxf5 33. Rc5 Re5 34. Rxc6 Bxc6 35. Rxc6 Re6 36. Rc7+ Kb8 37. Qc1 Rb6 0-1

[Event "Graz op-A"]
[Site "Graz"]
[Date "2017.02.22"]
[Round "4"]
[White "Christiansen, Johan Sebastian"]
[Black "Singer, Richard"]
[Result "1-0"]
[WhiteElo "2432"]
[BlackElo "2273"]
[PlyCount "101"]
[EventDate "2017.02.20"]
[EventType "swiss"]
[EventRounds "9"]
[EventCountry "AUT"]
[SourceTitle "CBM 177 Extra"]
[Source "ChessBase"]
[SourceDate "2017.04.27"]
[SourceVersion "1"]
[SourceVersionDate "2017.04.27"]
[SourceQuality "1"]

1. Nf3 d5 2. c4 d4 3. b4 f6 4. e3 e5 5. c5 d3 6. Nc3 Be6 7. Qa4+ Kf7 8. Qb5 Nc6 9. Rb1 Nge7 10. Qxd3 Nd5 11. Nxd5 Bxd5 12. Qc2 a5 13. a3 axb4 14. axb4 e4 15. Ng1 Ne5 16. h4 Be7 17. Qc3 Qd7 18. Nh3 Rhd8 19. Nf4 Kf8 20. Be2 Bf7 21. Bb2 Qf5 22. 0-0 Rd7 23. f3 exf3 24. gxf3 Ng6 25. Bd3 Rxd3 26. Qxd3 Qxd3 27. Nxd3 Bc4 28. Nf2 Bxf1 29. Kxf1 Nxh4 30. Ke2 Ke8 31. Nd3 g5 32. e4 Rd8 33. Nf2 h5 34. Ra1 Ng2 35. d4 b6 36. Nd3 bxc5 37. bxc5 Rb8 38. Bc1 h4 39. Kf2 h3 40. Kg3 Nh4 41. Ne1 Rb4 42. Be3 Rb3 43. Bg1 f5 44. exf5 Nxf5+ 45. Kxh3 Bf6 46. Rd1 Rb4 47. Nd3 Rc4 48. d5 Bd4 49. Re1+ Kf7 50. Re4 Kg6 51. Ne5+ 1-0

[Event "Steyr Landesliga 1617"]
[Site "Austria"]
[Date "2017.01.21"]
[Round "6.3"]
[White "Zupe, Miran"]
[Black "Singer, Richard"]
[Result "1/2-1/2"]
[WhiteElo "2265"]
[BlackElo "2260"]
[PlyCount "30"]
[EventDate "2016.10.01"]
[EventType "team-tourn"]
[EventRounds "11"]
[EventCountry "AUT"]
[SourceTitle "EXT 2018"]
[Source "ChessBase"]
[SourceDate "2017.10.13"]
[SourceVersion "1"]
[SourceVersionDate "2017.10.13"]
[SourceQuality "1"]
[WhiteTeam "Leibnitz"]
[BlackTeam "Gamlitz"]
[WhiteTeamCountry "AUT"]
[BlackTeamCountry "AUT"]

1. e4 c6 2. d4 d5 3. Nc3 g6 4. h3 Bg7 5. Nf3 Nf6 6. e5 Ne4 7. Bd3 Nxc3 8. bxc3 c5 9. dxc5 Qa5 10. Bd2 Qxc5 11. 0-0 0-0 12. Qe2 Qc7 13. Rfe1 Nc6 14. Rab1 b6 15. Bf4 Nd8 1/2-1/2

[Event "Steyr Landesliga 1617"]
[Site "Austria"]
[Date "2016.10.15"]
[Round "2.3"]
[White "Manhardt, Thomas"]
[Black "Singer, Richard"]
[Result "1/2-1/2"]
[WhiteElo "2217"]
[BlackElo "2260"]
[PlyCount "47"]
[EventDate "2016.10.01"]
[EventType "team-tourn"]
[EventRounds "11"]
[EventCountry "AUT"]
[SourceTitle "CBM 175 Extra"]
[Source "ChessBase"]
[SourceDate "2016.12.12"]
[SourceVersion "1"]
[SourceVersionDate "2016.12.12"]
[SourceQuality "1"]
[WhiteTeam "Styria"]
[BlackTeam "Gamlitz"]
[WhiteTeamCountry "AUT"]
[BlackTeamCountry "AUT"]

1. e4 c6 2. d4 d5 3. Nc3 dxe4 4. Nxe4 Bf5 5. Ng3 Bg6 6. h4 h6 7. Nf3 Nd7 8. h5 Bh7 9. Bd3 Bxd3 10. Qxd3 e6 11. Bd2 Ngf6 12. 0-0-0 Be7 13. Ne4 Nxe4 14. Qxe4 Nf6 15. Qd3 0-0 16. Kb1 Qd5 17. Rde1 Rfe8 18. Ne5 c5 19. Bxh6 gxh6 20. Nxf7 Kxf7 21. Qg6+ Kf8 22. Re5 Qxd4 23. Qxh6+ Kf7 24. Qg6+ 1/2-1/2

[Event "Steyr Landesliga 1617"]
[Site "Austria"]
[Date "2016.10.01"]
[Round "1.2"]
[White "Schwarhofer, Christopher"]
[Black "Singer, Richard"]
[Result "1/2-1/2"]
[WhiteElo "2366"]
[BlackElo "2260"]
[PlyCount "80"]
[EventDate "2016.10.01"]
[EventType "team-tourn"]
[EventRounds "11"]
[EventCountry "AUT"]
[SourceTitle "CBM 175 Extra"]
[Source "ChessBase"]
[SourceDate "2016.12.12"]
[SourceVersion "1"]
[SourceVersionDate "2016.12.12"]
[SourceQuality "1"]
[WhiteTeam "Ratten Krieglach"]
[BlackTeam "Gamlitz"]
[WhiteTeamCountry "AUT"]
[BlackTeamCountry "AUT"]

1. e4 c6 2. d4 d5 3. Nc3 g6 4. Nf3 Bg7 5. h3 Nf6 6. Bd3 dxe4 7. Nxe4 Nxe4 8. Bxe4 c5 9. dxc5 Qa5+ 10. c3 Qxc5 11. Be3 Qc7 12. Nd4 0-0 13. 0-0 Nd7 14. Qe2 Nf6 15. Nb5 Qb8 16. Bf3 a6 17. Na3 Be6 18. c4 Qc7 19. Qd2 Nd7 20. Qb4 Ne5 21. Be4 Nc6 22. Bxc6 Qxc6 23. Rab1 Rfe8 24. b3 Bf5 25. Rbd1 b5 26. cxb5 axb5 27. Qxb5 Qxb5 28. Nxb5 Rxa2 29. Nc7 Rb8 30. b4 Be5 31. Nd5 Be4 32. Nxe7+ Kg7 33. Bc5 Bc3 34. Bd4+ Bxd4 35. Rxd4 Re2 36. Rc1 Bxg2 37. Nf5+ gxf5 38. Kxg2 Rb2 39. Rc7 R2xb4 40. Rdd7 Rf8 1/2-1/2

[Event "St Veit op-A 35th"]
[Site "St Veit"]
[Date "2016.07.14"]
[Round "7"]
[White "Mazi, Leon"]
[Black "Singer, Richard"]
[Result "0-1"]
[WhiteElo "2379"]
[BlackElo "2253"]
[PlyCount "88"]
[EventDate "2016.07.09"]
[EventType "swiss"]
[EventRounds "9"]
[EventCountry "AUT"]
[SourceTitle "EXT 2017"]
[Source "ChessBase"]
[SourceDate "2016.10.25"]
[SourceVersion "1"]
[SourceVersionDate "2016.10.25"]
[SourceQuality "1"]

1. e4 c6 2. d4 d5 3. Nc3 g6 4. h3 Bg7 5. Nf3 Nf6 6. e5 Ne4 7. Nxe4 dxe4 8. Ng5 0-0 9. Nxe4 Bf5 10. Ng3 Be6 11. f4 f6 12. c3 c5 13. f5 gxf5 14. Nh5 cxd4 15. Nxg7 Kxg7 16. Qh5 dxc3 17. Bh6+ Kh8 18. bxc3 Qa5 19. Bxf8 Qxc3+ 20. Kf2 Qd4+ 21. Kg3 Qxe5+ 22. Kf2 Nd7 23. Rd1 Rxf8 24. Qe2 Qf4+ 25. Qf3 Qc7 26. Be2 Ne5 27. Qe3 Rg8 28. Rd4 Qb6 29. g3 Bxa2 30. Rc1 Be6 31. Rc3 Bd7 32. Bf3 Bc6 33. Bxc6 bxc6 34. Rd1 Rb8 35. Rd2 Kg7 36. Kg2 Qxe3 37. Rxe3 a5 38. Ra2 Rb5 39. Rea3 Nc4 40. Rd3 Kf7 41. Rd4 Rb4 42. Kf2 Nd6 43. Ke3 c5 44. Rd5 Rb3+ 0-1

[Event "Steyr Landesliga 1516"]
[Site "Austria"]
[Date "2016.04.02"]
[Round "9.3"]
[White "Singer, Richard"]
[Black "Krebs, Johann"]
[Result "1/2-1/2"]
[WhiteElo "2244"]
[BlackElo "2293"]
[PlyCount "79"]
[EventDate "2015.09.26"]
[EventType "team-tourn"]
[EventRounds "11"]
[EventCountry "AUT"]
[SourceTitle "EXT 2017"]
[Source "ChessBase"]
[SourceDate "2016.10.25"]
[SourceVersion "1"]
[SourceVersionDate "2016.10.25"]
[SourceQuality "1"]
[WhiteTeam "Gamlitz"]
[BlackTeam "Frauental Strassenbahn"]
[WhiteTeamCountry "AUT"]
[BlackTeamCountry "AUT"]

1. d4 d6 2. c4 e5 3. Nf3 Nc6 4. Nc3 exd4 5. Nxd4 g6 6. e4 Bg7 7. Be3 Nf6 8. f3 0-0 9. Qd2 Nd7 10. 0-0-0 Nde5 11. h4 Nxd4 12. Bxd4 Be6 13. h5 c6 14. f4 c5 15. Bxe5 dxe5 16. Qf2 Qf6 17. h6 Bh8 18. f5 Qg5+ 19. Qd2 Qxd2+ 20. Rxd2 gxf5 21. Rh5 Rfd8 22. exf5 Rxd2 23. Kxd2 Rd8+ 24. Kc2 Bd7 25. Bd3 Bc6 26. Be4 Bxe4+ 27. Nxe4 Rd4 28. Rh4 Rxc4+ 29. Kd3 Rd4+ 30. Ke3 Kf8 31. g4 Ke7 32. Rh5 c4 33. Rg5 Rd3+ 34. Ke2 Rd4 35. Kf3 Rd3+ 36. Ke2 Rd8 37. Rh5 Rd4 38. Ke3 Rd3+ 39. Ke2 Rd4 40. Ke3 1/2-1/2

[Event "Graz op-A"]
[Site "Graz"]
[Date "2016.02.14"]
[Round "3"]
[White "Marek, Matyas"]
[Black "Singer, Richard"]
[Result "1/2-1/2"]
[WhiteElo "2430"]
[BlackElo "2247"]
[PlyCount "124"]
[EventDate "2016.02.12"]
[EventType "swiss"]
[EventRounds "9"]
[EventCountry "AUT"]
[SourceTitle "CBM 170 Extra"]
[Source "ChessBase"]
[SourceDate "2016.02.25"]
[SourceVersion "1"]
[SourceVersionDate "2016.02.25"]
[SourceQuality "1"]

1. e4 c6 2. d4 d5 3. Nc3 g6 4. h3 Bg7 5. Nf3 Nf6 6. e5 Ne4 7. Nxe4 dxe4 8. Ng5 0-0 9. Nxe4 Bf5 10. Ng3 Be6 11. c4 b5 12. c5 Bd5 13. f4 f6 14. Be3 Qc7 15. Qd2 Nd7 16. exf6 exf6 17. Bd3 f5 18. 0-0 Rad8 19. Qf2 a5 20. Rfe1 Nf6 21. Nf1 Qf7 22. a4 b4 23. Nd2 Rfe8 24. Nf3 Bxf3 25. Qxf3 Ne4 26. Rac1 Kh8 27. Bc4 Qd7 28. Rcd1 Nf6 29. Kh2 Re4 30. Bd3 Ree8 31. Bc4 Re4 32. Bd3 Ree8 33. Bf2 Nd5 34. Bc4 Rxe1 35. Rxe1 Bf6 36. g3 Kg7 37. g4 Qc7 38. Bg3 Bxd4 39. gxf5 gxf5 40. Qh5 Bf6 41. Qxf5 Rf8 42. Bd3 Kh8 43. b3 Qg7 44. Qg4 Bd4 45. f5 Bxc5 46. Be5 Nf6 47. Qxg7+ Kxg7 48. Rc1 Ba7 49. Rxc6 Bb8 50. Bxb8 Rxb8 51. Bc4 Rd8 52. Kg3 Rd4 53. Kf3 Rh4 54. Ra6 Rxh3+ 55. Kg2 Rc3 56. Rxa5 h5 57. Re5 h4 58. Be2 Rxb3 59. a5 Ra3 60. a6 h3+ 61. Kh2 Rxa6 62. Kxh3 Rb6 1/2-1/2

[Event "Graz op-A"]
[Site "Graz"]
[Date "2016.02.14"]
[Round "4"]
[White "Singer, Richard"]
[Black "Freitag, Manfred"]
[Result "0-1"]
[WhiteElo "2247"]
[BlackElo "2367"]
[PlyCount "94"]
[EventDate "2016.02.12"]
[EventType "swiss"]
[EventRounds "9"]
[EventCountry "AUT"]
[SourceTitle "CBM 170 Extra"]
[Source "ChessBase"]
[SourceDate "2016.02.25"]
[SourceVersion "1"]
[SourceVersionDate "2016.02.25"]
[SourceQuality "1"]

1. d4 Nf6 2. c4 g6 3. Nc3 d5 4. cxd5 Nxd5 5. Bd2 Bg7 6. e4 Nxc3 7. Bxc3 c5 8. d5 Bxc3+ 9. bxc3 0-0 10. Qd2 e6 11. d6 Nc6 12. Nf3 Qf6 13. Be2 b6 14. 0-0 Bb7 15. Rfe1 e5 16. Rad1 Rad8 17. Qh6 Qg7 18. Qh4 Rd7 19. Nd2 Rxd6 20. Nc4 Qf6 21. Qxf6 Rxf6 22. Bg4 Ba6 23. Ne3 Kg7 24. Bd7 h5 25. Rd5 Na5 26. Red1 Nc4 27. a4 Nxe3 28. fxe3 Bc4 29. R5d2 Rd8 30. h4 Bb3 31. Bb5 Rxd2 32. Rxd2 a6 33. Bxa6 Bxa4 34. Bb7 Bc6 35. Bxc6 Rxc6 36. c4 Kf6 37. Rd7 b5 38. cxb5 Rb6 39. Ra7 Rxb5 40. Ra6+ Ke7 41. Kf2 Rb2+ 42. Kf3 Rc2 43. g4 hxg4+ 44. Kxg4 c4 45. Rc6 c3 46. h5 gxh5+ 47. Kxh5 Rc1 0-1

[Event "Steyr Landesliga 1516"]
[Site "Austria"]
[Date "2015.09.26"]
[Round "1.2"]
[White "Singer, Richard"]
[Black "Penker, Harald"]
[Result "1/2-1/2"]
[WhiteElo "2244"]
[BlackElo "2139"]
[PlyCount "36"]
[EventDate "2015.09.26"]
[EventType "team-tourn"]
[EventRounds "11"]
[EventCountry "AUT"]
[SourceTitle "EXT 2017"]
[Source "ChessBase"]
[SourceDate "2016.10.25"]
[SourceVersion "1"]
[SourceVersionDate "2016.10.25"]
[SourceQuality "1"]
[WhiteTeam "Gamlitz"]
[BlackTeam "Spg ISR"]
[WhiteTeamCountry "AUT"]
[BlackTeamCountry "AUT"]

1. d4 Nf6 2. c4 g6 3. Nc3 Bg7 4. e4 d6 5. Nf3 0-0 6. Be2 e5 7. d5 a5 8. Bg5 h6 9. Bh4 Qe8 10. Nd2 Na6 11. g4 Nh7 12. a3 Bd7 13. Qc2 a4 14. f3 Nc5 15. Bf2 b6 16. Nb5 Qb8 17. h4 Rd8 18. 0-0 Rf8 1/2-1/2

[Event "Steyr Landesliga 1415"]
[Site "Austria"]
[Date "2015.04.25"]
[Round "11.1"]
[White "Singer, Richard"]
[Black "Poetz, Florian"]
[Result "1/2-1/2"]
[WhiteElo "2224"]
[BlackElo "2427"]
[PlyCount "65"]
[EventDate "2014.09.27"]
[EventType "team-tourn"]
[EventRounds "11"]
[EventCountry "AUT"]
[SourceTitle "EXT 2016"]
[Source "ChessBase"]
[SourceDate "2015.10.08"]
[SourceVersion "1"]
[SourceVersionDate "2015.10.08"]
[SourceQuality "1"]
[WhiteTeam "Graz Schachamazonen"]
[BlackTeam "Graz Styria"]
[WhiteTeamCountry "AUT"]
[BlackTeamCountry "AUT"]

1. d4 Nf6 2. c4 c5 3. d5 e6 4. Nc3 exd5 5. cxd5 d6 6. Nf3 g6 7. Bf4 a6 8. Nd2 Nh5 9. Qa4+ Qd7 10. Qe4+ Be7 11. Nc4 Nxf4 12. Qxf4 Qc7 13. a4 0-0 14. a5 Nd7 15. g3 Nf6 16. Nb6 Rb8 17. h4 Nh5 18. Qd2 f5 19. e3 Bd7 20. Be2 Nf6 21. f4 Rfe8 22. 0-0-0 h5 23. Rhe1 Bf8 24. Bf3 Bg7 25. b3 c4 26. b4 Ne4 27. Bxe4 fxe4 28. Kb2 Bf6 29. Ka3 Bf5 30. Rc1 Qg7 31. Rc2 Bd7 32. Rec1 Bb5 33. Ra2 1/2-1/2

[Event "Steyr Landesliga 1415"]
[Site "Austria"]
[Date "2015.02.07"]
[Round "7.2"]
[White "Fahrner, Kurt"]
[Black "Singer, Richard"]
[Result "1/2-1/2"]
[WhiteElo "2306"]
[BlackElo "2224"]
[PlyCount "90"]
[EventDate "2014.09.27"]
[EventType "team-tourn"]
[EventRounds "11"]
[EventCountry "AUT"]
[SourceTitle "EXT 2016"]
[Source "ChessBase"]
[SourceDate "2015.10.08"]
[SourceVersion "1"]
[SourceVersionDate "2015.10.08"]
[SourceQuality "1"]
[WhiteTeam "Graz Austria"]
[BlackTeam "Graz Schachamazonen"]
[WhiteTeamCountry "AUT"]
[BlackTeamCountry "AUT"]

1. Nf3 d5 2. c4 c6 3. b3 Bg4 4. Bb2 e6 5. Ne5 Bf5 6. d3 d4 7. Nd2 h5 8. e4 dxe3 9. fxe3 Nd7 10. Nxd7 Qxd7 11. Qf3 0-0-0 12. e4 Bg6 13. Qf2 c5 14. Nf3 Qc7 15. Ne5 Bd6 16. Nxg6 fxg6 17. Be2 Rf8 18. Bf3 Nf6 19. 0-0-0 Ng4 20. Qe2 Ne5 21. d4 cxd4 22. Bxd4 Bc5 23. Bc3 a5 24. Rhf1 Bb4 25. Bb2 Qc5 26. Bd4 Qc7 27. Kb1 Ba3 28. h3 Nxf3 29. gxf3 Bc5 30. Bc3 Rd8 31. e5 Rxd1+ 32. Rxd1 Rd8 33. Kc2 Bb4 34. Rxd8+ Qxd8 35. Qd2 Qh4 36. Bxb4 axb4 37. Qxb4 Qxh3 38. Qf8+ Kc7 39. Qd6+ Kc8 40. a4 Qf5+ 41. Kb2 h4 42. f4 h3 43. Qc5+ Kb8 44. Qd6+ Kc8 45. Qc5+ Kb8 1/2-1/2

[Event "Steyr Landesliga 1415"]
[Site "Austria"]
[Date "2014.11.22"]
[Round "5.1"]
[White "Singer, Richard"]
[Black "Kovacevic, Blazimir"]
[Result "1/2-1/2"]
[WhiteElo "2224"]
[BlackElo "2466"]
[PlyCount "42"]
[EventDate "2014.09.27"]
[EventType "team-tourn"]
[EventRounds "11"]
[EventCountry "AUT"]
[SourceTitle "EXT 2016"]
[Source "ChessBase"]
[SourceDate "2015.10.08"]
[SourceVersion "1"]
[SourceVersionDate "2015.10.08"]
[SourceQuality "1"]
[WhiteTeam "Graz Schachamazonen"]
[BlackTeam "Trofaiach Niklasdorf"]
[WhiteTeamCountry "AUT"]
[BlackTeamCountry "AUT"]

1. d4 e6 2. c4 Bb4+ 3. Bd2 a5 4. Nc3 Nf6 5. Qc2 d5 6. e3 0-0 7. Nf3 b6 8. a3 Bxc3 9. Bxc3 Ba6 10. Nd2 Nbd7 11. cxd5 exd5 12. Bxa6 Rxa6 13. 0-0 Qa8 14. b4 axb4 15. axb4 c6 16. b5 cxb5 17. Qb3 Rxa1 18. Rxa1 Qc6 19. Rc1 Rc8 20. Bb2 Qa8 21. Qxb5 Rxc1+ 1/2-1/2

[Event "Steyr Landesliga 1415"]
[Site "Austria"]
[Date "2014.10.25"]
[Round "3.1"]
[White "Kreisl, Robert"]
[Black "Singer, Richard"]
[Result "1/2-1/2"]
[WhiteElo "2433"]
[BlackElo "2224"]
[PlyCount "39"]
[EventDate "2014.09.27"]
[EventType "team-tourn"]
[EventRounds "11"]
[EventCountry "AUT"]
[SourceTitle "EXT 2016"]
[Source "ChessBase"]
[SourceDate "2015.10.08"]
[SourceVersion "1"]
[SourceVersionDate "2015.10.08"]
[SourceQuality "1"]
[WhiteTeam "Leoben"]
[BlackTeam "Graz Schachamazonen"]
[WhiteTeamCountry "AUT"]
[BlackTeamCountry "AUT"]

1. Nf3 d5 2. c4 e6 3. g3 Nf6 4. Bg2 c6 5. b3 Nbd7 6. Bb2 Bd6 7. d4 Ne4 8. 0-0 f5 9. Nfd2 0-0 10. Nxe4 dxe4 11. Ba3 Bxa3 12. Nxa3 Qe7 13. Nc2 e5 14. f3 exf3 15. exf3 f4 16. Qd2 a5 17. Rae1 Qd6 18. Qc3 exd4 19. Qxd4 Qg6 20. Re7 1/2-1/2

[Event "Opatija op 2nd"]
[Site "Opatija"]
[Date "2014.07.03"]
[Round "6"]
[White "Tomulic, Teo"]
[Black "Singer, Richard"]
[Result "1/2-1/2"]
[WhiteElo "1864"]
[BlackElo "2254"]
[PlyCount "111"]
[EventDate "2014.06.29"]
[EventType "swiss"]
[EventRounds "9"]
[EventCountry "CRO"]
[SourceTitle "CBM 161 Extra"]
[Source "ChessBase"]
[SourceDate "2014.08.29"]
[SourceVersion "1"]
[SourceVersionDate "2014.08.29"]
[SourceQuality "1"]

1. e4 g6 2. d4 Bg7 3. Nf3 c6 4. Nc3 d5 5. Bf4 dxe4 6. Nxe4 Qa5+ 7. Qd2 Qxd2+ 8. Kxd2 Nf6 9. Nxf6+ Bxf6 10. Bc4 0-0 11. Rad1 Bg4 12. Kc1 Bxf3 13. gxf3 Nd7 14. Rhe1 Rac8 15. Be5 Bg5+ 16. Kb1 Rfd8 17. Bg3 e6 18. c3 h5 19. Re4 Bf6 20. Bh4 Bxh4 21. Rxh4 Kf8 22. Kc2 Ke7 23. Re4 Nb6 24. Bb3 c5 25. dxc5 Rxc5 26. Rxd8 Kxd8 27. Kd3 Rg5 28. Ke3 Ke7 29. a4 Kd6 30. Rd4+ Kc7 31. Rf4 Re5+ 32. Kd4 Rf5 33. Rxf5 gxf5 34. Ke5 Nd7+ 35. Kf4 Kd6 36. Kg5 Ke5 37. Kxh5 Kf4 38. Bd1 Ne5 39. Kh6 Nd3 40. h4 Nxf2 41. h5 Nxd1 42. Kg7 Kxf3 43. h6 f4 44. h7 Ke2 45. h8Q f3 46. Qh5 f5 47. Kf6 Nxb2 48. Kxe6 Ke3 49. Qh1 Nd3 50. Qf1 f4 51. Kd6 f2 52. Kc7 Nc5 53. a5 f3 54. Kb8 a6 55. Qc1+ Ke2 56. Qc2+ 1/2-1/2